00441 a2200133 4500082001100000090001500011100002100026245005100047260003900098300003400137942001900171999001500190952010200205 a512.89 c4909d4909 aTabassum, Ashraf aVector Analysis and MechanicscAshraf Tabassum aLahore :bIlmi Kitab Khana,c2004. aiii, 313 p. :bill. ;c24 cm. cBKk512.89 TAB c8786d8786 001040708NFICaCLbCLcGENd2014-06-03l0o512.89 TABpSEECSD00210r2012-11-14w2017-01-05yBK